Principios y aplicaciones del control de gestión / (Record no. 144859)
[ view plain ]
| 000 -LEADER | |
|---|---|
| campo de control de longitud fija | 00978nam a2200253 4500 |
| 001 - NÚMERO DE CONTROL | |
| campo de control | 144859 |
| 003 - IDENTIFICADOR DE NÚMERO DE CONTROL | |
| campo de control | ES-MaACL |
| 005 - FECHA Y HORA DE LA ÚLTIMA TRANSACCIÓN | |
| campo de control | 20250902070715.0 |
| 007 - CAMPO FIJO DE DESCRIPCIÓN FÍSICA--INFORMACIÓN GENERAL | |
| campo de control de longitud fija | t| |
| 008 - DATOS DE LONGITUD FIJA--INFORMACIÓN GENERAL | |
| campo de control de longitud fija | 070214s1967 sp r ||||1| spa d |
| 080 ## - NÚMERO DE LA CLASIFICACIÓN DECIMAL UNIVERSAL | |
| Número de la Clasificación Decimal Universal | 658 |
| 100 1# - ENTRADA PRINCIPAL--NOMBRE DE PERSONA | |
| Nombre de persona | Simeray, Jean-Paul. |
| 9 (RLIN) | 106469 |
| 245 10 - MENCIÓN DEL TÍTULO | |
| Título | Principios y aplicaciones del control de gestión / |
| Mención de responsabilidad, etc. | J. P. Simeray ; traducción de Mª Carmen Balzategui. |
| 260 ## - PUBLICACIÓN, DISTRIBUCIÓN, ETC. | |
| Lugar de publicación, distribución, etc. | Bilbao : |
| Nombre del editor, distribuidor, etc. | Deusto, |
| Fecha de publicación, distribución, etc. | 1967. |
| 300 ## - DESCRIPCIÓN FÍSICA | |
| Extensión | 112 p. : |
| Otras características físicas | il. ; |
| Dimensiones | 22 cm. |
| 490 1# - MENCIÓN DE SERIE | |
| Mención de serie | Manuales practicos de Gestión de empresas. Serie E ; |
| Designación de volumen o secuencia | 1 |
| 490 1# - MENCIÓN DE SERIE | |
| Mención de serie | Colección "Manuales Prácticos de Gestión de Empresas" Serie E ; |
| Designación de volumen o secuencia | 1 |
| 650 07 - PUNTO DE ACCESO ADICIONAL DE MATERIA--TÉRMINO DE MATERIA | |
| Término de materia o nombre geográfico como elemento de entrada | Gestión de empresas |
| Fuente del encabezamiento o término | embne |
| 9 (RLIN) | 12210 |
| 700 1# - ENTRADA AGREGADA--NOMBRE PERSONAL | |
| Nombre de persona | Balzategui, María Carmen. |
| 9 (RLIN) | 25140 |
| 830 00 - PUNTO DE ACCESO ADICIONAL DE SERIE-TÍTULO UNIFORME | |
| Título uniforme | Manuales prácticos de gestión de empresas (Deusto) |
| Designación de volumen o secuencia | 1 |
| 9 (RLIN) | 220714 |
| 830 00 - PUNTO DE ACCESO ADICIONAL DE SERIE-TÍTULO UNIFORME | |
| Título uniforme | Manuales prácticos de gestión de empresas (Deusto) |
| Designación de volumen o secuencia | 1 |
| 9 (RLIN) | 220714 |
| 852 ## - LOCALIZACIÓN | |
| Ubicación | ES-MaACL |
| Número de control de estantería | C-32755 |
| Sublocalización o colección | R.63053 |
| Estatus retirado | Estado de pérdida | Estado de daño | No para préstamo | Biblioteca de origen | Biblioteca actual | Ubicación en estantería | Fecha de adquisición | Fuente de adquisición | Total de préstamos | Signatura topográfica completa | Código de barras | Visto por última vez | Precio de reemplazo | Tipo de ítem Koha |
|---|---|---|---|---|---|---|---|---|---|---|---|---|---|---|
| Biblioteca del Ateneo de Madrid | Biblioteca del Ateneo de Madrid | Depósito 2 | 17/01/2008 | C-32755 | 1151134 | 23/02/2023 | 23/02/2023 | Libro impreso |
